<?xml version="1.0" encoding="UTF-8"?><?xml-stylesheet type="text/xsl" href="static/style.xsl"?><OAI-PMH xmlns="http://www.openarchives.org/OAI/2.0/" xmlns:xsi="http://www.w3.org/2001/XMLSchema-instance" xsi:schemaLocation="http://www.openarchives.org/OAI/2.0/ http://www.openarchives.org/OAI/2.0/OAI-PMH.xsd"><responseDate>2026-04-17T20:19:45Z</responseDate><request verb="GetRecord" identifier="oai:www.recercat.cat:11351/12300" metadataPrefix="marc">https://recercat.cat/oai/request</request><GetRecord><record><header><identifier>oai:recercat.cat:11351/12300</identifier><datestamp>2025-10-24T10:31:42Z</datestamp><setSpec>com_2072_378070</setSpec><setSpec>com_2072_378040</setSpec><setSpec>col_2072_378092</setSpec></header><metadata><record xmlns="http://www.loc.gov/MARC21/slim" xmlns:dcterms="http://purl.org/dc/terms/" xmlns:xsi="http://www.w3.org/2001/XMLSchema-instance" xmlns:doc="http://www.lyncode.com/xoai" xsi:schemaLocation="http://www.loc.gov/MARC21/slim http://www.loc.gov/standards/marcxml/schema/MARC21slim.xsd">
   <leader>00925njm 22002777a 4500</leader>
   <datafield ind2=" " ind1=" " tag="042">
      <subfield code="a">dc</subfield>
   </datafield>
   <datafield ind2=" " ind1=" " tag="720">
      <subfield code="a">Gascón, Andrea</subfield>
      <subfield code="e">author</subfield>
   </datafield>
   <datafield ind2=" " ind1=" " tag="720">
      <subfield code="a">Mendoza, Manel</subfield>
      <subfield code="e">author</subfield>
   </datafield>
   <datafield ind2=" " ind1=" " tag="720">
      <subfield code="a">Goya, Maria</subfield>
      <subfield code="e">author</subfield>
   </datafield>
   <datafield ind2=" " ind1=" " tag="720">
      <subfield code="a">Maiz, Nerea</subfield>
      <subfield code="e">author</subfield>
   </datafield>
   <datafield ind2=" " ind1=" " tag="720">
      <subfield code="a">Brik, Maia</subfield>
      <subfield code="e">author</subfield>
   </datafield>
   <datafield ind2=" " ind1=" " tag="720">
      <subfield code="a">del Barco Martínez, Ester</subfield>
      <subfield code="e">author</subfield>
   </datafield>
   <datafield ind2=" " ind1=" " tag="720">
      <subfield code="a">Carreras, Elena</subfield>
      <subfield code="e">author</subfield>
   </datafield>
   <datafield ind2=" " ind1=" " tag="260">
      <subfield code="c">2024-12-03T13:20:01Z</subfield>
   </datafield>
   <datafield ind2=" " ind1=" " tag="260">
      <subfield code="c">2024-12-03T13:20:01Z</subfield>
   </datafield>
   <datafield ind2=" " ind1=" " tag="260">
      <subfield code="c">2024-12</subfield>
   </datafield>
   <datafield ind2=" " ind1=" " tag="520">
      <subfield code="a">Cervical cerclage; Cervical insufficiency; Cervical pessary</subfield>
   </datafield>
   <datafield ind2=" " ind1=" " tag="520">
      <subfield code="a">Cerclaje cervical; Insuficiencia cervical; Pesario cervical</subfield>
   </datafield>
   <datafield ind2=" " ind1=" " tag="520">
      <subfield code="a">Cerclatge cervical; Insuficiència cervical; Pessari cervical</subfield>
   </datafield>
   <datafield ind2=" " ind1=" " tag="520">
      <subfield code="a">Objective&#xd;
Cervical insufficiency accounts for 8 % of preterm births. Pessary and cerclage are considered preventive approaches for preterm birth. These interventions were compared in terms of reducing the prematurity rate in women with previous preterm birth, due to cervical insufficiency or due to having a short cervix in their current pregnancy.&#xd;
Methods&#xd;
This was a prospective, multicentric, open-label, randomised, pilot, controlled trial. Participants were women with singleton pregnancies who had previous preterm birth caused by cervical insufficiency or previous preterm birth and a short cervix [≤ 25 mm] in their current pregnancy. Women were randomised [1:1] to either cerclage or pessary. The primary outcome was to assess the feasibility of a trial on cervical pessary vs. cerclage to prevent preterm birth before 34 weeks in women with cervical insufficiency. As a secondary outcome, we studied the morbidity rate of the pessary versus the cerclage in women with cervical insufficiency and assessed the financial impact of using both devices in these women. The sample size was calculated based on the estimated population that we could potentially recruit: 60 women, 30 for each group, to ascertain whether the rate of preterm birth &lt; 34 weeks of gestation may be reduced from 34 % to at least 27 % in the pessary group, as in the results obtained with the cerclage.&#xd;
Results&#xd;
No significant differences in preterm birth &lt; 34 weeks of gestation were observed in our study, although it was underpowered to detect these differences [the relative risk [RR] of PB &lt; 34 weeks of gestation was 0.8 [95 % CI: 0.31–2.09, p = 0.888]. The rates of obstetric and perinatal complications were similar for both devices [15 cases in both groups, 50 % of cases [RR; 0.6–1.68; p = 1]. Cervical pessary had fewer secondary effects than the cerclage [less bleeding at insertion in the pessary group compared with cerclage, 1 case vs 14 cases, p &lt; 0.001; less pain at removal in the pessary group compared with cerclage, 14 vs 22 cases. p = 0.042 and less bleeding, 2 cases vs. 10 cases, p = 0.027].&#xd;
Conclusions&#xd;
Pessary does not seem less effective than cerclage, although these findings need to be confirmed in a larger randomised controlled trial. Pessary had fewer secondary effects than cerclage both at insertion and removal.&#xd;
Sinopsis&#xd;
Cervical pessary does not seem to be less effective than cerclage. Cervical pessary had fewer secondary effects than cerclage.</subfield>
   </datafield>
   <datafield ind2=" " ind1=" " tag="520">
      <subfield code="a">Vall d′Hebron Research Institute [VHIR] provided funding for the trial.</subfield>
   </datafield>
   <datafield ind1="8" ind2=" " tag="024">
      <subfield code="a">http://hdl.handle.net/11351/12300</subfield>
   </datafield>
   <datafield tag="653" ind2=" " ind1=" ">
      <subfield code="a">Part prematur</subfield>
   </datafield>
   <datafield tag="653" ind2=" " ind1=" ">
      <subfield code="a">Obstetrícia - Aparells i instruments</subfield>
   </datafield>
   <datafield tag="653" ind2=" " ind1=" ">
      <subfield code="a">Sutures (Cirurgia)</subfield>
   </datafield>
   <datafield tag="653" ind2=" " ind1=" ">
      <subfield code="a">Coll uterí - Cirurgia</subfield>
   </datafield>
   <datafield tag="653" ind2=" " ind1=" ">
      <subfield code="a">DISEASES::Female Urogenital Diseases and Pregnancy Complications::Pregnancy Complications::Obstetric Labor Complications::Obstetric Labor, Premature::Premature Birth</subfield>
   </datafield>
   <datafield tag="653" ind2=" " ind1=" ">
      <subfield code="a">ANALYTICAL, DIAGNOSTIC AND THERAPEUTIC TECHNIQUES, AND EQUIPMENT::Surgical Procedures, Operative::Obstetric Surgical Procedures::Cerclage, Cervical</subfield>
   </datafield>
   <datafield tag="653" ind2=" " ind1=" ">
      <subfield code="a">ANALYTICAL, DIAGNOSTIC AND THERAPEUTIC TECHNIQUES, AND EQUIPMENT::Equipment and Supplies::Surgical Equipment::Pessaries</subfield>
   </datafield>
   <datafield tag="653" ind2=" " ind1=" ">
      <subfield code="a">ANATOMY::Urogenital System::Genitalia::Genitalia, Female::Uterus::Cervix Uteri</subfield>
   </datafield>
   <datafield tag="653" ind2=" " ind1=" ">
      <subfield code="a">Other subheadings::Other subheadings::Other subheadings::/pathology</subfield>
   </datafield>
   <datafield tag="653" ind2=" " ind1=" ">
      <subfield code="a">ENFERMEDADES::enfermedades de los genitales femeninos y complicaciones del embarazo::complicaciones del embarazo::complicaciones del parto::parto prematuro::nacimiento prematuro</subfield>
   </datafield>
   <datafield tag="653" ind2=" " ind1=" ">
      <subfield code="a">TÉCNICAS Y EQUIPOS ANALÍTICOS, DIAGNÓSTICOS Y TERAPÉUTICOS::intervenciones quirúrgicas::procedimientos quirúrgicos obstétricos::cerclaje cervical</subfield>
   </datafield>
   <datafield tag="653" ind2=" " ind1=" ">
      <subfield code="a">TÉCNICAS Y EQUIPOS ANALÍTICOS, DIAGNÓSTICOS Y TERAPÉUTICOS::equipos y suministros::equipo quirúrgico::pesarios</subfield>
   </datafield>
   <datafield tag="653" ind2=" " ind1=" ">
      <subfield code="a">ANATOMÍA::sistema urogenital::genitales::genitales femeninos::útero::cuello del útero</subfield>
   </datafield>
   <datafield tag="653" ind2=" " ind1=" ">
      <subfield code="a">Otros calificadores::Otros calificadores::Otros calificadores::/patología</subfield>
   </datafield>
   <datafield ind2="0" ind1="0" tag="245">
      <subfield code="a">Cervical cerclage vs cervical pessary in women with cervical insufficiency: A multicentric, open-label, randomised, controlled pilot trial [the CEPEIC trial]</subfield>
   </datafield>
</record></metadata></record></GetRecord></OAI-PMH>